Verbo lírico (Registro nro. 301106)

Detalles MARC
000 -ENCABEZADO
Número de control [NR] 01314nam a22002297a 4500
005 - FECHA Y HORA DE LA ÚLTIMA TRANSACCIÓN
control field 20150904113757.0
008 - DE LONGITUD FIJA DE DATOS DE ELEMENTOS - INFORMACIÓN GENERAL
Elementos de longitud fija [NR] 150904n ck ||||fr|||| 001 m spa d
040 ## - FUENTE DE CATALOGACION [NR]
Quien Cataloga Sandra Yazo
Quien Clasifica Sandra Yazo
041 0# - CODIGO DE IDIOMA [R]
Código de idioma para texto/pista de sonido o título separado [R] Español
082 04 - NUMERO DE CLASIFICACION DECIMAL DEWEY [R]
Número de la edición [NR] 20
Número de clasificación [R] 865
092 ## - SIGNATURA TOPOGRAFICA LOCAL
Número de clasificación local E37N050
100 1# - ASIENTO PRINCIPAL--NOMBRE PERSONAL [NR]
ID Autoridad 71279
Nombre personal [NR] Vega, Fernando de la
Fechas asociadas con el nombre [NR] 1892-
245 10 - MENCION DE TITULO [NR]
Título [NR] Verbo lírico
Parte restante del título [NR] (Oraciones y discursos)
Mención de responsabilidad, etc. [NR] Fernando de la Vega
260 ## - PUBLICACION, DISTRIBUCION, ETC. (PIE DE IMPRENTA) [R]
Lugar de publicación, distribución, etc. [R] Bobogotá (Colombia)
Nombre del editor, distribuidor, etc. [R] Editorial Cromos
Fecha de publicación, distribución, etc. [R] [fecha desconocida]
300 ## - DESCRIPCION FISICA [R]
Extensión [R] 204 páginas
Dimensiones [R] 18 x 13 cm.
500 ## - NOTA GENERAL [R]
Nota general [NR] Datetalles físicos: Encuadernación flexible en cartulina. Tapa delantera con datos de publicación impreso. Guarda con anotación manuscrita. Portada impresa en una sola tinta. Texto impreso en una columna. Papel manchado. Varias hojas pegadas
505 0# - NOTA DE CONTENIDO CON FORMATO PREESTABLECIDO [R]
Nota de contenido con formato preestablecido [NR] Don Pedro de Heredia ; Influencia social de la poesía ; La fiesta del trabajo ; El santo de Cartagena ; De carnaval ; Siete de Agosto ; Una peregrinación ; Juegos florales ; Ante Núñez ; Un Centenario ; Ante el cadáver de doña Soledad Román de Núñez ; Oración a los estudiantes ; Oración panegírica ; César Conto ; Ayacucho ; Loa a Cartagena de Indias
506 ## - NOTA DE RESTRICCIONES DE ACCESO [R]
Condiciones de acceso [NR] Consulta en sala
650 #7 - ASIENTO SECUNDARIO DE MATERIA - TERMINO TEMATICO [R]
9 (RLIN) 13354
Término temático o nombre geográfico como elemento de entrada [NR] Discursos colombianos
690 ## - ASUNTO AGREGADO LOCAL DE ENTRADA - TÉRMINO TEMÁTICO (OCLC, RLIN)
9 (RLIN) 42861
Acceso temático local Literatura colombiana
942 ## - ELEMENTOS DE ENTRADA AGREGADOS (KOHA)
Sistema de clasificación LOCAL
Tipo de ítem principal el descrito en 300a Libro
Edición 1
Clasificación E37N050
Existencias
Suprimido Perdido Sistema de clasificación Dañado No prestable Tipo de ítem específico Ubicación habitual Ubicación actual Localización Fecha de creación Forma de adquisición Costo Total préstamos Signatura topográfica Código de barras Última vez visto Ejemplar Price effective from Tipo de ítem
    LOCAL     Libro archivo Archivo Histórico Archivo Histórico Archivo histórico 04/09/2015 Donación 0.00   E37N050 L005132 04/09/2015 Ej.1 04/09/2015 Libro